Las preces y las heces / (Record no. 98222)

MARC details
000 -LEADER
campo de control de longitud fija 00599nam a2200205 i 4500
001 - NÚMERO DE CONTROL
campo de control 98222
003 - IDENTIFICADOR DE NÚMERO DE CONTROL
campo de control ES-MaACL
005 - FECHA Y HORA DE LA ÚLTIMA TRANSACCIÓN
campo de control 20240601063024.0
007 - CAMPO FIJO DE DESCRIPCIÓN FÍSICA--INFORMACIÓN GENERAL
campo de control de longitud fija t|
008 - DATOS DE LONGITUD FIJA--INFORMACIÓN GENERAL
campo de control de longitud fija 050727s1974 sp ||||1| spa d
100 1# - ENTRADA PRINCIPAL--NOMBRE DE PERSONA
Nombre de persona Marrodán, Mario Ángel,
Fechas asociadas al nombre 1932-2005
9 (RLIN) 77080
245 14 - MENCIÓN DEL TÍTULO
Título Las preces y las heces /
Mención de responsabilidad, etc. Mario Angel Marrodán.
260 ## - PUBLICACIÓN, DISTRIBUCIÓN, ETC.
Lugar de publicación, distribución, etc. Palencia :
Nombre del editor, distribuidor, etc. Rocamador,
Fecha de publicación, distribución, etc. 1974.
300 ## - DESCRIPCIÓN FÍSICA
Extensión 70 p. ;
Dimensiones 22 cm.
490 1# - MENCIÓN DE SERIE
Mención de serie Colección Rocamador ;
Designación de volumen o secuencia 78
830 00 - PUNTO DE ACCESO ADICIONAL DE SERIE-TÍTULO UNIFORME
Título uniforme Rocamador (Serie) ;
Designación de volumen o secuencia 78
9 (RLIN) 236737
852 ## - LOCALIZACIÓN
Ubicación ES-MaACL
Número de control de estantería 2089-F-27
Sublocalización o colección R.88945
942 ## - ELEMENTOS DE ENTRADA SECUNDARIOS (KOHA)
Fuente del sistema de clasificación o colocación Clasificación decimal universal
Holdings
Estatus retirado Estado de pérdida Estado de daño No para préstamo Colección Biblioteca de origen Biblioteca actual Ubicación en estantería Fecha de adquisición Fuente de adquisición Total de préstamos Signatura topográfica completa Código de barras Visto por última vez Precio de reemplazo Tipo de ítem Koha
        Colección de folletos Biblioteca del Ateneo de Madrid Biblioteca del Ateneo de Madrid Depósito folletos 17/01/2008     2089-F-27 1102534 23/02/2023 23/02/2023 Folleto